Statistiques concernant Les pays les plus riches du monde

Cliquez ici pour prendre le quiz!

Statistiques générales

  • Ce quiz a été pris 1 125 fois
  • Le résultat moyen est 15 sur 20

Statistiques - réponses

PIB nominal (en milliards de $)Pays% Correct
2422France
97%
10 983Chine
94%
4123Japon
91%
1325Russie
89%
3358Allemagne
87%
1200Espagne
87%
17 947Etats-Unis
85%
1552Canada
82%
1816Italie
82%
1773Brésil
78%
2091Inde
76%
665Suisse
73%
2849Royaume-Uni
68%
1144Mexique
66%
1224Australie
65%
1377Corée du Sud
64%
653Arabie saoudite
58%
734Turquie
49%
738Pays-Bas
46%
859Indonésie
39%

Distribution des résultats

Percentile par nombre de réponses

% des personnes avec chaque résultat

Votre développement - résultats

Vous n’avez pas pris ce quiz